| 000 | 00630nam a2200217 a 4500 | ||
|---|---|---|---|
| 001 | 19029 | ||
| 003 | CO-ViMGA | ||
| 008 | 141112s2004 ck r 000 u spa d | ||
| 020 | _a8488876246 | ||
| 040 |
_aCO-ViMGA _bspa _cCO-ViMGA |
||
| 082 | 0 | 4 | _a611 V168q |
| 100 | 1 |
_aVaquero Crespo, Jesús _927271 |
|
| 245 | 1 | 0 | _a500 test comentados de anatomía y fisiología |
| 260 |
_aMadrid : _bOlalla; 1997 |
||
| 300 | _a151 p. | ||
| 490 | _aAutoevaluación en enfermería | ||
| 590 | _aForma de adquisición : Proyecto 2005 - - Precio : 44.100 | ||
| 650 | 1 | 4 |
_aANATOMIA HUMANA _913108 |
| 650 | 1 | 4 | _aFISIOLOGIA HUMANA |
| 942 |
_2ddc _cBK |
||
| 999 |
_c28216 _d28216 |
||